000 01052nam a22003257a 4500
001 BR9603397
003 BR-BrBNA
005 20230928095234.0
007 ta
008 230509b bl.||||| |||| 00| 0 por d
040 _aBR-BrBNA
_bpor
_cBiblioteca Nacional de Agricultura
041 _a(Por)
072 _aP33; F06
090 _ P33 BR9603397
100 1 _aVale Junior, R.F. de
110 1 _aUniversidade Federal de Lavras, MG (Brasil)
_0Tese (Mestre em Engenharia Agricola)
245 1 _aEfeito da aplicacao de hidroxido de sodio sobre a disponibilidade real de agua de um latossolo vermelho escuro sob cerrado
260 3 _aLavras, MG (Brasil):
_c1995.
300 _a79 p.
500 _aSummaries (Eng, Por); 25 graphs; 62 tables; 42 ref.
650 _aAgua do Solo
650 _aHidroxido de Sodio
650 _aDisponibilidade de Nutriente
650 _aLatossolo Vermelho Escuro
650 _aCerrado
650 _aRelacao Agua-Planta
650 _aDistrito Federal
909 _a202309
_bLucia
_c55
_dLucia Elande
942 _cBK
999 _c55366
_d55366